000 00288nam a2200109Ia 4500
008 220214s9999 xx 000 0 und d
245 0 _aKurukshetra
260 _bKurukshetra
_aNew Delhi
500 _aEnding Volume & Year: 24, 1976
500 _aStarting Volume & Year: 23, 1974
942 _cBJ
999 _c4736
_d4736